[Event "Stay Safe Play From Home 129"]
[Site "T#645801Emanuel Laske"]
[Date "2020.05.07"]
[Round "4"]
[White "SoulofWolf"]
[Black "Mepe_Nika"]
[Result "1/2-1/2"]
[WhiteElo "2192"]
[BlackElo "2294"]
[Annotator "TA"]
[PlyCount "93"]
[EventDate "2020.05.07"]
[EventType "swiss (blitz)"]

{[%evp 10,92,27,2,16,19,36,0,87,0,0,0,0,0,0,10,0,-9,-7,-10,8,-45,-52,-142,-123,-157,-131,-154,-135,-128,13,-73,-73,-93,-98,-130,-139,-129,-33,-41,-43,-43,-37,-43,-30,-37,-37,-85,-85,-102,-93,-106,-97,-90,-92,-125,0,0,0,0,118,106,283,342,29983,5085,29998,23,29995,23,23,23,23,-369,639,629,615,615,605,441,466,133,133,0,0]} 1. Nf3 Nf6 2. c4 c6 3. Nc3 d5 4. cxd5 cxd5 5. d4 Nc6 6. Bg5 a6 {D13: Slav Defence: Exchange variation without ...Bf5.} 7. e3 Ne4 8. Bf4 {[#]} Qb6 $146 (8... Nxc3 $11 {remains equal.} 9. bxc3 Bf5) ({Predecessor:} 8... Nxc3 9. bxc3 Bf5 10. Be2 e6 11. O-O Na5 12. Ne5 Be7 13. g4 Be4 14. f3 Bg6 15. c4 O-O 16. cxd5 exd5 17. Rc1 Rc8 18. Nxg6 hxg6 19. Qa4 Rxc1 20. Rxc1 b5 21. Qb3 Nxb3 {0-1 (21) Polak,T (2555)-Jirka,J (2399) Prague 2019}) 9. Qb3 ({White should try} 9. Bd3 $16) 9... Qxb3 $11 10. axb3 e6 11. Bd3 Nb4 12. Bb1 Bd6 13. Bxd6 (13. Be5 {feels hotter.} Bxe5 14. Nxe5 Nd6 15. Na4 f6 16. Nb6) 13... Nxd6 14. O-O O-O 15. Ra4 (15. Ne5 $11) 15... a5 $15 16. e4 (16. Rd1 $15) 16... Bd7 17. Ra3 Nxe4 18. Nxe4 dxe4 19. Bxe4 Rab8 (19... f5 $17 20. Bb1 b6) 20. Rc1 (20. Rxa5 $11 h6 21. Rd1) 20... Bc6 $17 21. Nd2 Rfd8 (21... Bxe4 {is interesting.} 22. Nxe4 b6 23. Nd2 Rfd8 24. Nf3 Rd5) 22. Bxc6 Nxc6 23. Nf3 Nxd4 (23... Rd5 $17 24. h3 Rbd8) 24. Nxd4 $15 Rxd4 25. Rxa5 $17 {[%mdl 4096] Endgame KRR-KRR} Rb4 26. Rc3 g6 27. g3 Rd8 28. Ra7 Rd2 29. Ra2 Kg7 30. Kf1 h5 31. Ke1 Rbd4 32. Ra7 Rxb2 ({Black should play} 32... Rd1+ $1 $17 33. Ke2 R4d2+ 34. Ke3 Rxb2) 33. Rxb7 $11 Re4+ 34. Kf1 Ree2 (34... Re5 $11 {keeps the balance.} 35. Rf3 Rb1+ 36. Kg2 Rf5) 35. Rf3 $16 Kh6 $2 (35... e5 $16 {is a better defense.}) 36. Rfxf7 $18 {White wants to mate with h4.} Kg5 $2 (36... h4 $18 37. gxh4 Kh5 38. Rb5+ e5) 37. h3 (37. h4+ $142 Kg4 38. Kg2 Rxf2+ 39. Rxf2 Rxf2+ 40. Kxf2 g5 41. Rg7 $1 {[%mdl 512]} Kf5 42. hxg5) 37... h4 38. g4 $2 (38. f4+ Kh6 39. Rh7#) 38... e5 $2 {[%mdl 8192] [#]} (38... Re4 $11) 39. Kg2 $2 (39. f4+ $1 {[%mdl 512] mates} exf4 40. Rb5+ Re5 41. Rxe5+ Kh6 42. g5+ Kh5 43. Rh7#) 39... Rec2 {[#]} 40. Rb5 $1 Re2 41. Re7 $2 {[%mdl 8192]} (41. Rb6 $11) 41... Rbc2 $4 {[%mdl 8192]} (41... Rxf2+ $19 42. Kg1 Rg2+ 43. Kf1 Kf4 44. Rbxe5 Rbf2+ 45. Ke1 Kg3 46. Re3+ Kh2) 42. Rexe5+ Rxe5 43. Rxe5+ Kh6 44. Rb5 Rb2 45. g5+ $2 (45. Rb8 $18) 45... Kh5 $16 46. Kf3 Rxf2+ $1 47. Kxf2 {Never resign too early! Accuracy: White = 43%, Black = 47%.} 1/2-1/2

[Event "Stay Safe Play From Home 129"]
[Site "T#645801Emanuel Laske"]
[Date "2020.05.07"]
[Round "4"]
[White "Little champs"]
[Black "rohit2007"]
[Result "1-0"]
[WhiteElo "2186"]
[BlackElo "2253"]
[Annotator "NA"]
[PlyCount "73"]
[EventDate "2020.05.07"]
[EventType "swiss (blitz)"]

1. d4 {[%emt 0:00:02]} c5 {[%emt 0:00:01]} 2. e3 {[%emt 0:00:00]} cxd4 {[%emt 0:00:01]} 3. exd4 {[%emt 0:00:00]} d5 {[%emt 0:00:00]} 4. Be2 {[%emt 0:00:00]} Nc6 {[%emt 0:00:00]} 5. Nf3 {[%emt 0:00:00]} g6 {[%emt 0:00:00]} 6. O-O {[%emt 0:00:00]} Bg7 {[%emt 0:00:00]} 7. c3 {[%emt 0:00:00]} e6 {[%emt 0:00:00]} 8. Na3 {[%emt 0:00:00]} Nge7 {[%emt 0:00:00]} 9. Nb5 {[%emt 0:00:01]} O-O {[%emt 0:00:00]} 10. Bf4 {[%emt 0:00:01]} a6 {[%emt 0:00:02]} 11. Nd6 {[%emt 0:00:01]} Ra7 {[%emt 0:00:00]} 12. Nxc8 {[%emt 0:00:01]} Nxc8 {[%emt 0:00:02]} 13. Bd3 {[%emt 0:00:00]} Nd6 {[%emt 0:00:01]} 14. Re1 {[%emt 0:00:01]} Nc4 {[%emt 0:00:02]} 15. Bxc4 {[%emt 0:00:03]} dxc4 {[%emt 0:00:00]} 16. Qe2 {[%emt 0:00:00]} Ne7 {[%emt 0:00:01]} 17. Qxc4 {[%emt 0:00:01]} Nd5 {[%emt 0:00:01]} 18. Bg3 {[%emt 0:00:01]} b5 {[%emt 0:00:00]} 19. Qe2 {[%emt 0:00:01]} Rb7 {[%emt 0:00:01]} 20. Rad1 {[%emt 0:00:01]} b4 {[%emt 0:00:01]} 21. c4 {[%emt 0:00:01]} Nf6 {[%emt 0:00:00]} 22. b3 {[%emt 0:00:01]} Re8 {[%emt 0:00:01]} 23. Bh4 {[%emt 0:00:01]} Bf8 {[%emt 0:00:02]} 24. Ne5 {[%emt 0:00:01]} Be7 {[%emt 0:00:01]} 25. Qf3 {[%emt 0:00:01]} Nd7 {[%emt 0:00:01]} 26. Bxe7 {[%emt 0:00:02]} Qxe7 {[%emt 0:00:01]} 27. Qxb7 {[%emt 0:00:01]} Nxe5 {[%emt 0:00:01]} 28. Qxe7 {[%emt 0:00:01]} Rxe7 {[%emt 0:00:00]} 29. dxe5 {[%emt 0:00:00]} f5 {[%emt 0:00:01]} 30. exf6 {[%emt 0:00:01]} Re8 {[%emt 0:00:00]} 31. Rd6 {[%emt 0:00:01]} Kf7 {[%emt 0:00:00]} 32. Rxa6 {[%emt 0:00:00]} Kxf6 {[%emt 0:00:00]} 33. Rb6 {[%emt 0:00:01]} Kf5 {[%emt 0:00:01]} 34. Rxb4 {[%emt 0:00:01]} e5 {[%emt 0:00:00]} 35. Rb5 {[%emt 0:00:00]} Kf4 {[%emt 0:00:01]} 36. Rbxe5 {[%emt 0:00:01]} Ra8 {[%emt 0:00:02]} 37. R1e4# {[%emt 0:00:01] (Lag: Av=0.84s, max=2.6s)} 1-0

[Event "Stay Safe Play From Home 129"]
[Site "T#645801Emanuel Laske"]
[Date "2020.05.07"]
[Round "4"]
[White "Chessencounter"]
[Black "Onlyforchess"]
[Result "0-1"]
[WhiteElo "2099"]
[BlackElo "2524"]
[Annotator "TA"]
[PlyCount "94"]
[EventDate "2020.05.07"]
[EventType "swiss (blitz)"]

{[%evp 9,93,69,71,77,102,67,77,-43,75,41,44,45,37,35,56,56,142,141,138,76,69,69,67,50,59,-143,-141,-154,-115,-145,-138,-150,-138,-145,-147,-162,-181,-164,-154,-220,-200,-917,-900,-1316,-219,-5685,-659,-1294,-1290,-1192,-1185,-29997,-1268,-1268,-816,-809,-809,-809,-766,-29959,-29964,-29955,-29942,-29988,-29989,-29989,-29990,-29991,-29992,-29992,-29993,-29993,-29994,-29994,-29995,-29995,-29996,-29997,-29997,-29997,-29998,-29998,-29998,-29998,-29999,-29999]} 1. g3 c5 2. Bg2 c4 3. Nf3 ({Predecessor:} 3. d3 e5 4. e4 Nc6 5. Ne2 Be7 6. O-O g5 7. Nd2 f6 8. Nf3 f5 9. Bd2 g4 10. a4 {½-½ (10) Langerak,D-De Visser,A Netherlands 1989}) 3... Nc6 4. b3 cxb3 5. axb3 Nf6 6. Bb2 {A00: Irregular Openings.} g6 7. Nc3 Bg7 8. e4 (8. d4 $16) 8... O-O (8... Nxe4 $1 $15 9. d4 Nxc3 10. Bxc3 O-O) 9. d4 (9. e5 $5 {[%cal Re5f6]} Ne8 10. d4 $14) 9... d5 10. e5 Ne4 11. Nxe4 dxe4 12. Ng5 Bf5 ({Black should play} 12... f5 $14) 13. Nxe4 Qb6 14. O-O (14. f4 $142) 14... Rad8 {[%cal Rc6d4]} 15. c3 Nxe5 16. Qe2 Nc6 17. c4 $2 (17. Nd2 $14 {stays ahead.}) 17... Nxd4 $17 {Black keeps a firm grip on the game.} 18. Bxd4 Qxd4 19. Rad1 Qb6 20. Qa2 Rd4 21. Rxd4 Bxd4 22. Rd1 Rd8 {[#] And now ...Bxf2+! would win.} 23. Kf1 Bg4 24. f3 (24. Rd2 $17) 24... Bf5 $19 25. g4 $2 (25. f4) 25... Bxe4 26. fxe4 Qd6 $2 (26... Qf6+ 27. Ke1 Rd6) 27. h3 $2 (27. Bf3) 27... Qh2 (27... Qf4+ $142 28. Ke1 {[#]} Bf2+ $1 {[%mdl 512]} 29. Qxf2 Rxd1+ {[%mdl 64] Overworked Piece} 30. Kxd1 Qxf2) 28. Rxd4 Rxd4 {[%mdl 4096] Endgame KQR-KQB} 29. Qe2 Qf4+ 30. Qf2 Qxf2+ (30... Rd1+ $142 31. Ke2 Rd2+ {[%mdl 64] Skewer} 32. Kf1 Qxf2#) 31. Kxf2 {KR-KB} Rd3 32. b4 Rb3 33. b5 a5 {Hoping for ...a4.} 34. e5 a4 {Black mates.} 35. c5 a3 36. c6 bxc6 37. bxc6 a2 38. Bd5 Rb2+ 39. Kf3 a1=Q 40. c7 Qc1 41. Bc4 Qxc4 42. c8=Q+ Qxc8 43. e6 Qc4 44. exf7+ Kf8 45. g5 Rb3+ 46. Kf2 Qc2+ 47. Ke1 Rb1# {Accuracy: White = 38%, Black = 52%.} 0-1

[Event "Stay Safe Play From Home 129"]
[Site "T#645801Emanuel Laske"]
[Date "2020.05.07"]
[Round "4"]
[White "Lazieri3"]
[Black "CastlingArrocco"]
[Result "0-1"]
[WhiteElo "2011"]
[BlackElo "2051"]
[Annotator "NA"]
[PlyCount "104"]
[EventDate "2020.05.07"]
[EventType "swiss (blitz)"]

1. e4 {[%emt 0:00:01]} Nc6 {[%emt 0:00:00]} 2. Nc3 {[%emt 0:00:01]} e5 {[%emt 0:00:00]} 3. Nf3 {[%emt 0:00:00]} d6 {[%emt 0:00:00]} 4. d4 {[%emt 0:00:00]} Nf6 {[%emt 0:00:01]} 5. dxe5 {[%emt 0:00:01]} dxe5 {[%emt 0:00:00]} 6. Qxd8+ {[%emt 0:00:01]} Kxd8 {[%emt 0:00:00]} 7. Bc4 {[%emt 0:00:01]} Bd6 {[%emt 0:00:01]} 8. Bxf7 {[%emt 0:00:01]} Ke7 {[%emt 0:00:01]} 9. Bc4 {[%emt 0:00:01]} Be6 {[%emt 0:00:00]} 10. Bxe6 {[%emt 0:00:01]} Kxe6 {[%emt 0:00:00]} 11. Bg5 {[%emt 0:00:02]} Nd4 {[%emt 0:00:01]} 12. Nxd4+ {[%emt 0:00:03]} exd4 {[%emt 0:00:00]} 13. Bxf6 {[%emt 0:00:01]} gxf6 {[%emt 0:00:02]} 14. Nb5 {[%emt 0:00:01]} Rhe8 {[%emt 0:00:03]} 15. Nxd4+ {[%emt 0:00:05]} Ke5 {[%emt 0:00:01]} 16. Nb5 {[%emt 0:00:03]} Kxe4 {[%emt 0:00:01]} 17. Nxd6+ {[%emt 0:00:01]} cxd6 {[%emt 0:00:01]} 18. O-O-O {[%emt 0:00:02]} Ke5 {[%emt 0:00:01]} 19. Rhe1+ {[%emt 0:00:01]} Kf5 {[%emt 0:00:01]} 20. Rxe8 {[%emt 0:00:01]} Rxe8 {[%emt 0:00:00]} 21. Rxd6 {[%emt 0:00:01]} Re1+ {[%emt 0:00:01]} 22. Kd2 {[%emt 0:00:01]} Rf1 {[%emt 0:00:01]} 23. Ke2 {[%emt 0:00:01]} Rb1 {[%emt 0:00:01]} 24. b3 {[%emt 0:00:01]} Rb2 {[%emt 0:00:01]} 25. Rd5+ {[%emt 0:00:01]} Ke6 {[%emt 0:00:01]} 26. Ra5 {[%emt 0:00:01]} Rxc2+ {[%emt 0:00:01]} 27. Ke3 {[%emt 0:00:00]} a6 {[%emt 0:00:01]} 28. h4 {[%emt 0:00:03]} Rc3+ {[%emt 0:00:01]} 29. Ke2 {[%emt 0:00:01]} Rc6 {[%emt 0:00:01]} 30. g3 {[%emt 0:00:01]} Rc2+ {[%emt 0:00:01]} 31. Ke3 {[%emt 0:00:01]} Rc1 {[%emt 0:00:01]} 32. Ra4 {[%emt 0:00:02]} Rc3+ {[%emt 0:00:02]} 33. Kf4 {[%emt 0:00:02]} Rc2 {[%emt 0:00:01]} 34. Kf3 {[%emt 0:00:01]} h6 {[%emt 0:00:02]} 35. Rb4 {[%emt 0:00:02]} b5 {[%emt 0:00:01]} 36. a4 {[%emt 0:00:01]} bxa4 {[%emt 0:00:02]} 37. Rxa4 {[%emt 0:00:02]} Rc3+ {[%emt 0:00:00]} 38. Kg2 {[%emt 0:00:01]} Rxb3 {[%emt 0:00:01]} 39. Rxa6+ {[%emt 0:00:01]} Kf5 {[%emt 0:00:00]} 40. Ra5+ {[%emt 0:00:00]} Kg6 {[%emt 0:00:00]} 41. Rd5 {[%emt 0:00:01]} Rb1 {[%emt 0:00:00]} 42. Rd4 {[%emt 0:00:01]} h5 {[%emt 0:00:01]} 43. Rf4 {[%emt 0:00:00]} Rb2 {[%emt 0:00:01]} 44. Kf3 {[%emt 0:00:01]} Rb1 {[%emt 0:00:00]} 45. Kg2 {[%emt 0:00:00]} Rb3 {[%emt 0:00:00]} 46. Rf3 {[%emt 0:00:00]} Rb1 {[%emt 0:00:00]} 47. Re3 {[%emt 0:00:01]} Ra1 {[%emt 0:00:00]} 48. Rf3 {[%emt 0:00:00]} Ra4 {[%emt 0:00:01]} 49. g4 {[%emt 0:00:00]} hxg4 {[%emt 0:00:02]} 50. Re3 {[%emt 0:00:01]} Kh5 {[%emt 0:00:01]} 51. Kg3 {[%emt 0:00:00]} f5 {[%emt 0:00:02]} 52. Re5 {[%emt 0:00:01]} Kg6 {[%emt 0:00:01] Time (Lag: Av=0.52s, max=0.8s)} 0-1

[Event "Stay Safe Play From Home 129"]
[Site "T#645801Emanuel Laske"]
[Date "2020.05.07"]
[Round "4"]
[White "EL sanbary"]
[Black "Haxhi Baha"]
[Result "1-0"]
[WhiteElo "1959"]
[BlackElo "2037"]
[Annotator "NA"]
[PlyCount "95"]
[EventDate "2020.05.07"]
[EventType "swiss (blitz)"]

1. c4 {[%emt 0:00:01]} d6 {[%emt 0:00:01]} 2. g3 {[%emt 0:00:00]} e6 {[%emt 0:00:00]} 3. Bg2 {[%emt 0:00:01]} c6 {[%emt 0:00:00]} 4. Nc3 {[%emt 0:00:01]} Nf6 {[%emt 0:00:01]} 5. e4 {[%emt 0:00:00]} Be7 {[%emt 0:00:00]} 6. Nge2 {[%emt 0:00:00]} d5 {[%emt 0:00:01]} 7. O-O {[%emt 0:00:00]} dxe4 {[%emt 0:00:01]} 8. Nxe4 {[%emt 0:00:01]} Nxe4 {[%emt 0:00:01]} 9. Bxe4 {[%emt 0:00:00]} Nd7 {[%emt 0:00:00]} 10. Nc3 {[%emt 0:00:02]} Nf6 {[%emt 0:00:00]} 11. Bg2 {[%emt 0:00:01]} O-O {[%emt 0:00:00]} 12. d4 {[%emt 0:00:01]} Qc7 {[%emt 0:00:01]} 13. Be3 {[%emt 0:00:01]} b6 {[%emt 0:00:01]} 14. Qd2 {[%emt 0:00:00]} Bb7 {[%emt 0:00:01]} 15. Rac1 {[%emt 0:00:02]} Rad8 {[%emt 0:00:01]} 16. d5 {[%emt 0:00:01]} exd5 {[%emt 0:00:05]} 17. cxd5 {[%emt 0:00:01]} c5 {[%emt 0:00:00]} 18. Rcd1 {[%emt 0:00:04]} a6 {[%emt 0:00:03]} 19. Bg5 {[%emt 0:00:05]} h6 {[%emt 0:00:02]} 20. Bxf6 {[%emt 0:00:01]} Bxf6 {[%emt 0:00:00]} 21. Ne4 {[%emt 0:00:01]} Bd4 {[%emt 0:00:02]} 22. Nc3 {[%emt 0:00:02]} b5 {[%emt 0:00:03]} 23. Qf4 {[%emt 0:00:03]} Be5 {[%emt 0:00:01]} 24. Qe4 {[%emt 0:00:02]} b4 {[%emt 0:00:05]} 25. Na4 {[%emt 0:00:01]} Bd6 {[%emt 0:00:03]} 26. b3 {[%emt 0:00:01]} Rfe8 {[%emt 0:00:03]} 27. Qc2 {[%emt 0:00:03]} Qa5 {[%emt 0:00:03]} 28. Rd2 {[%emt 0:00:02]} Re7 {[%emt 0:00:02]} 29. Rfd1 {[%emt 0:00:01]} Rde8 {[%emt 0:00:01]} 30. h4 {[%emt 0:00:01]} g6 {[%emt 0:00:02]} 31. h5 {[%emt 0:00:02]} gxh5 {[%emt 0:00:02]} 32. Qf5 {[%emt 0:00:02]} Bc8 {[%emt 0:00:02]} 33. Qxh5 {[%emt 0:00:01]} Kg7 {[%emt 0:00:01]} 34. Bf3 {[%emt 0:00:02]} Re5 {[%emt 0:00:01]} 35. Qh4 {[%emt 0:00:01]} Bd7 {[%emt 0:00:01]} 36. Bg4 {[%emt 0:00:01]} Re4 {[%emt 0:00:02]} 37. f3 {[%emt 0:00:02]} Re1+ {[%emt 0:00:02]} 38. Rxe1 {[%emt 0:00:02]} Rxe1+ {[%emt 0:00:00]} 39. Kg2 {[%emt 0:00:00]} Re7 {[%emt 0:00:02]} 40. Bxd7 {[%emt 0:00:01]} Rxd7 {[%emt 0:00:00]} 41. Qg4+ {[%emt 0:00:00]} Kf6 {[%emt 0:00:02]} 42. Qxd7 {[%emt 0:00:00]} Qc7 {[%emt 0:00:01]} 43. Qxc7 {[%emt 0:00:01]} Bxc7 {[%emt 0:00:00]} 44. d6 {[%emt 0:00:00]} Bd8 {[%emt 0:00:00]} 45. d7 {[%emt 0:00:00]} Ke6 {[%emt 0:00:00]} 46. f4 {[%emt 0:00:01]} f5 {[%emt 0:00:00]} 47. Kf3 {[%emt 0:00:00]} Ke7 {[%emt 0:00:00]} 48. Nxc5 {[%emt 0:00:00] (Lag: Av=0.96s, max=1.3s)} 1-0

[Event "Stay Safe Play From Home 129"]
[Site "T#645801Emanuel Laske"]
[Date "2020.05.07"]
[Round "4"]
[White "Mamutones"]
[Black "Umitkarabulut03"]
[Result "1-0"]
[WhiteElo "1865"]
[BlackElo "1660"]
[Annotator "NA"]
[PlyCount "43"]
[EventDate "2020.05.07"]
[EventType "swiss (blitz)"]

1. e4 {[%emt 0:00:01]} c5 {[%emt 0:00:02]} 2. d4 {[%emt 0:00:01]} cxd4 {[%emt 0:00:01]} 3. c3 {[%emt 0:00:00]} dxc3 {[%emt 0:00:02]} 4. Bc4 {[%emt 0:00:01]} d6 {[%emt 0:00:00]} 5. Nxc3 {[%emt 0:00:01]} e6 {[%emt 0:00:01]} 6. Qe2 {[%emt 0:00:01]} a6 {[%emt 0:00:01]} 7. Nf3 {[%emt 0:00:01]} Qc7 {[%emt 0:00:00]} 8. Bf4 {[%emt 0:00:02]} Be7 {[%emt 0:00:02]} 9. O-O {[%emt 0:00:01]} Nc6 {[%emt 0:00:02]} 10. Rac1 {[%emt 0:00:01]} Qa5 {[%emt 0:00:02]} 11. a3 {[%emt 0:00:01]} Nf6 {[%emt 0:00:01]} 12. Rfd1 {[%emt 0:00:01]} Bd7 {[%emt 0:00:02]} 13. Bxd6 {[%emt 0:00:01]} Bxd6 {[%emt 0:00:04]} 14. Rxd6 {[%emt 0:00:00]} Ke7 {[%emt 0:00:00]} 15. Rcd1 {[%emt 0:00:02]} Rhd8 {[%emt 0:00:03]} 16. e5 {[%emt 0:00:02]} Ne8 {[%emt 0:00:05]} 17. b4 {[%emt 0:00:07]} Qc7 {[%emt 0:00:02]} 18. Ne4 {[%emt 0:00:02]} Kf8 {[%emt 0:00:04]} 19. Nfg5 {[%emt 0:00:02]} Nxd6 {[%emt 0:00:03]} 20. exd6 {[%emt 0:00:01]} Qb6 {[%emt 0:00:03]} 21. Qh5 {[%emt 0:00:01]} g6 {[%emt 0:00:03]} 22. Qxh7 {[%emt 0:00:01] Umitkarabulut03 terk eder (Lag: Av=0.59s, max=0.9s)} 1-0

[Event "Stay Safe Play From Home 129"]
[Site "T#645801Emanuel Laske"]
[Date "2020.05.07"]
[Round "4"]
[White "matanant"]
[Black "Greblha"]
[Result "0-1"]
[WhiteElo "1628"]
[BlackElo "1897"]
[Annotator "NA"]
[PlyCount "68"]
[EventDate "2020.05.07"]
[EventType "swiss (blitz)"]

1. b3 {[%emt 0:00:01]} c6 {[%emt 0:00:00]} 2. Bb2 {[%emt 0:00:01]} d5 {[%emt 0:00:00]} 3. e3 {[%emt 0:00:01]} Nf6 {[%emt 0:00:01]} 4. f4 {[%emt 0:00:00]} e6 {[%emt 0:00:02]} 5. Nf3 {[%emt 0:00:00]} Be7 {[%emt 0:00:01]} 6. Be2 {[%emt 0:00:00]} Nbd7 {[%emt 0:00:01]} 7. O-O {[%emt 0:00:00]} O-O {[%emt 0:00:01]} 8. c4 {[%emt 0:00:01]} b6 {[%emt 0:00:01]} 9. d4 {[%emt 0:00:01]} Ba6 {[%emt 0:00:01]} 10. Nbd2 {[%emt 0:00:03]} Rc8 {[%emt 0:00:01]} 11. Rc1 {[%emt 0:00:02]} c5 {[%emt 0:00:01]} 12. Bd3 {[%emt 0:00:06]} Ng4 {[%emt 0:00:01]} 13. Qe2 {[%emt 0:00:02]} f5 {[%emt 0:00:01]} 14. Ne5 {[%emt 0:00:02]} Ngxe5 {[%emt 0:00:02]} 15. fxe5 {[%emt 0:00:01]} cxd4 {[%emt 0:00:01]} 16. exd4 {[%emt 0:00:01]} dxc4 {[%emt 0:00:01]} 17. Bxc4 {[%emt 0:00:04]} Bxc4 {[%emt 0:00:04]} 18. Nxc4 {[%emt 0:00:01]} Nb8 {[%emt 0:00:03]} 19. Rfd1 {[%emt 0:00:02]} Qd5 {[%emt 0:00:01]} 20. Ne3 {[%emt 0:00:02]} Qa5 {[%emt 0:00:02]} 21. a3 {[%emt 0:00:04]} Bxa3 {[%emt 0:00:01]} 22. Ra1 {[%emt 0:00:02]} Qa6 {[%emt 0:00:07]} 23. Qxa6 {[%emt 0:00:03]} Nxa6 {[%emt 0:00:01]} 24. Rxa3 {[%emt 0:00:02]} Nb4 {[%emt 0:00:01]} 25. Rxa7 {[%emt 0:00:01]} Nc2 {[%emt 0:00:01]} 26. Nc4 {[%emt 0:00:02]} Rfd8 {[%emt 0:00:04]} 27. Rb7 {[%emt 0:00:02]} b5 {[%emt 0:00:02]} 28. Nd6 {[%emt 0:00:02]} Rc6 {[%emt 0:00:03]} 29. d5 {[%emt 0:00:02]} exd5 {[%emt 0:00:03]} 30. Rxd5 {[%emt 0:00:01]} Ne3 {[%emt 0:00:01]} 31. Rdxb5 {[%emt 0:00:01]} Rc2 {[%emt 0:00:01]} 32. Rb8 {[%emt 0:00:02]} h5 {[%emt 0:00:01]} 33. Rxd8+ {[%emt 0:00:02]} Kh7 {[%emt 0:00:00]} 34. Ba3 {[%emt 0:00:04]} Rb2 {[%emt 0:00:00]} 0-1

[Event "Stay Safe Play From Home 129"]
[Site "T#645801Emanuel Laske"]
[Date "2020.05.07"]
[Round "4"]
[White "Edmatuag"]
[Black "NagaRam"]
[Result "1-0"]
[WhiteElo "1606"]
[BlackElo "1484"]
[Annotator "NA"]
[PlyCount "79"]
[EventDate "2020.05.07"]
[EventType "swiss (blitz)"]

1. e4 {[%emt 0:00:02]} e5 {[%emt 0:00:01]} 2. Nf3 {[%emt 0:00:01]} Nc6 {[%emt 0:00:01]} 3. Bb5 {[%emt 0:00:01]} Nf6 {[%emt 0:00:01]} 4. O-O {[%emt 0:00:02]} d6 {[%emt 0:00:01]} 5. d4 {[%emt 0:00:02]} Bd7 {[%emt 0:00:01]} 6. d5 {[%emt 0:00:02]} Nb4 {[%emt 0:00:02]} 7. Bxd7+ {[%emt 0:00:00]} Qxd7 {[%emt 0:00:02]} 8. Na3 {[%emt 0:00:06]} c6 {[%emt 0:00:02]} 9. c4 {[%emt 0:00:02]} cxd5 {[%emt 0:00:01]} 10. cxd5 {[%emt 0:00:03]} Be7 {[%emt 0:00:01]} 11. Bg5 {[%emt 0:00:03]} Nxe4 {[%emt 0:00:02]} 12. Bxe7 {[%emt 0:00:01]} Qxe7 {[%emt 0:00:01]} 13. Qe1 {[%emt 0:00:01]} Nf6 {[%emt 0:00:01]} 14. Qxb4 {[%emt 0:00:01]} O-O {[%emt 0:00:02]} 15. Rac1 {[%emt 0:00:03]} Rfc8 {[%emt 0:00:02]} 16. Qd2 {[%emt 0:00:02]} Rxc1 {[%emt 0:00:01]} 17. Rxc1 {[%emt 0:00:02]} e4 {[%emt 0:00:01]} 18. Nd4 {[%emt 0:00:02]} Nxd5 {[%emt 0:00:02]} 19. Nf5 {[%emt 0:00:01]} Qe5 {[%emt 0:00:02]} 20. Qxd5 {[%emt 0:00:02]} Qxd5 {[%emt 0:00:01]} 21. Ne7+ {[%emt 0:00:01]} Kf8 {[%emt 0:00:02]} 22. Nxd5 {[%emt 0:00:00]} Ke8 {[%emt 0:00:02]} 23. Rc7 {[%emt 0:00:01]} f6 {[%emt 0:00:03]} 24. Rxb7 {[%emt 0:00:01]} Rc8 {[%emt 0:00:01]} 25. h3 {[%emt 0:00:03]} Rc1+ {[%emt 0:00:02]} 26. Kh2 {[%emt 0:00:00]} Rc2 {[%emt 0:00:00]} 27. Nb5 {[%emt 0:00:03]} Rc8 {[%emt 0:00:04]} 28. Nxd6+ {[%emt 0:00:01]} Kd8 {[%emt 0:00:01]} 29. Nxc8 {[%emt 0:00:00]} Kxc8 {[%emt 0:00:00]} 30. Rxg7 {[%emt 0:00:00]} Kd8 {[%emt 0:00:01]} 31. Rxh7 {[%emt 0:00:00]} a5 {[%emt 0:00:02]} 32. Nxf6 {[%emt 0:00:00]} a4 {[%emt 0:00:00]} 33. Nxe4 {[%emt 0:00:01]} a3 {[%emt 0:00:01]} 34. bxa3 {[%emt 0:00:00]} Ke8 {[%emt 0:00:01]} 35. a4 {[%emt 0:00:00]} Kf8 {[%emt 0:00:00]} 36. a5 {[%emt 0:00:00]} Kg8 {[%emt 0:00:00]} 37. Rb7 {[%emt 0:00:01]} Kf8 {[%emt 0:00:01]} 38. a6 {[%emt 0:00:00]} Ke8 {[%emt 0:00:00]} 39. a7 {[%emt 0:00:00]} Kd8 {[%emt 0:00:00]} 40. a8=Q# {[%emt 0:00:00] (Lag: Av=0.85s, max=1.6s)} 1-0

[Event "Stay Safe Play From Home 129"]
[Site "T#645801Emanuel Laske"]
[Date "2020.05.07"]
[Round "4"]
[White "PRW64MS"]
[Black "Klausen"]
[Result "0-1"]
[WhiteElo "1470"]
[BlackElo "1757"]
[Annotator "NA"]
[PlyCount "34"]
[EventDate "2020.05.07"]
[EventType "swiss (blitz)"]

1. e4 {[%emt 0:00:01]} e6 {[%emt 0:00:01]} 2. d4 {[%emt 0:00:03]} d5 {[%emt 0:00:01]} 3. Nc3 {[%emt 0:00:01]} Bb4 {[%emt 0:00:02]} 4. Qg4 {[%emt 0:00:01]} Ne7 {[%emt 0:00:02]} 5. Qxg7 {[%emt 0:00:04]} Rg8 {[%emt 0:00:02]} 6. Qxh7 {[%emt 0:00:01]} dxe4 {[%emt 0:00:01]} 7. Be3 {[%emt 0:00:03]} c5 {[%emt 0:00:03]} 8. dxc5 {[%emt 0:00:02]} Qa5 {[%emt 0:00:02]} 9. Bd2 {[%emt 0:00:02]} Qxc5 {[%emt 0:00:02]} 10. O-O-O {[%emt 0:00:02]} Bxc3 {[%emt 0:00:04]} 11. Bxc3 {[%emt 0:00:01]} Nbc6 {[%emt 0:00:01]} 12. Qxe4 {[%emt 0:00:03]} Qxf2 {[%emt 0:00:02]} 13. Nf3 {[%emt 0:00:02]} Qc5 {[%emt 0:00:02]} 14. Qh7 {[%emt 0:00:06]} Bd7 {[%emt 0:00:02]} 15. Bf6 {[%emt 0:00:07]} O-O-O {[%emt 0:00:02]} 16. Qxf7 {[%emt 0:00:02]} Rdf8 {[%emt 0:00:03]} 17. Bxe7 {[%emt 0:00:03]} Nxe7 {[%emt 0:00:02] Zeit (Lag: Av=0.55s, max=2.0s)} 0-1